000
00326nam a2200133Ia 4500
008
240624s9999 xx 000 0 und d
041
_a
eng
082
_a
658.3 BRA
100
_a
BYARS LLOYD L
245
_a
HUMAN RESOURCE MANAGEMENT
250
_a
(10th ed.)
260
_c
2013
_a
New Delhi
_b
Tata McGraw-Hill
365
_c
RS
_b
33
999
_c
25935
_d
25935